How Well Do You Know Not Enough Nelsons - Statistics

General Stats
  • This quiz has been taken 1,968 times
  • The average score is 8 of 15
Answer Stats
Question Answer % Correct
Which State Do They Live In? Utah
85%
*Hard Question: What KassaDee's Most Commonly Used Nickname For Their House? Castle House
84%
How Many Adopted Kids Are There? 9
83%
Who is KennaDee's Spouse? Chase
83%
How Many Biological Kids Are There? 7
80%
What is DeLayNee's Nickname? LayNee
60%
Who Is The Most Recently Adopted And What Year Were They Adopted? NayVee - 2018
60%
How Many (Of The 16 Kids) Do Not Live At Home? 6
57%
How Many YouTube Channels Do They Have All Together? 6
48%
How Many Bedrooms Does The Nelson House Have? 14
42%
How Many Of The Adopted Kids Are Biological To Each Other? 6
39%
How Many Kids Have Served Missions? 4
35%
*Hard Question: How Many Live Videos Have Not Enough Nelsons Made? 4
32%
How Many Dogs Do They Have Altogether (2023)? 8
6%
How Many Kids Are The Same Age? 9
4%
No matching quizzes found
Score Distribution
Percent of People with Each Score
Percentile by Number Answered
Your Score History
You have not taken this quiz